Дело о требовании сумм из Главного казначейства, следующих Конторе на штатные, мелочные расходы и разные постройки в 1850 году

Доступно только в Электронных читальных залах Найти на картеНа карте
RUSMARC
00003562nmc2a22002413x 450
001398e93a9-c7d1-48db-9da1-b0f6e5d651c6
00520221205224025.0
100##$a20220726l18501850k l0rusy0189 ca
1010#$arus
102##$aRU
105##$ay###
1222#$ad
2001#$aДело о требовании сумм из Главного казначейства, следующих Конторе на штатные, мелочные расходы и разные постройки в 1850 году
$j9 января - 23 декабря 1850 г.
215##$a123 л.
$d36,5х26 см
251##$cДело
300##$aДело
371##$aДокумент не является опубликованным и широко распространяемым
461#0$1001625a9a7e-a890-4307-a7fe-826a2289a412
$12001
$aГоф-интенданская контора Министерства императорского двора
$1251
$cФонд
$1852
$j470
462#0$10018230232a-429c-4fc3-a7c8-11db66691ce2
$12001
$aО сметах и отчетах
$1251
$cОпись
$1852
$j1
$l96-530
801#0$aRU
$bРГИА
$c20220726
$gRCR
801#1$aRU
$bГлавНИВЦ
$c20220726
$2rusmarc
801#2$aRU
$bПБ им. Б.Н. Ельцина
$c20221205
$gRCR
$2rusmarc
850##$aРГИА
852##$aРГИА
$eФедеральное казенное учреждение "Российский государственный исторический архив" (РГИА)
$j111
937##$hРГИА
$d12386048
$aASBIBLIO_SCAN
035##$aRusGRCC00049684
856##$uhttp://readingroom.main.prlib.ru/item.aspx?id_node=n181274835&mode=full
Формат отображения